000 00520nam a2200205Ia 4500
003 OSt
005 20221005131514.0
006 a|||||r|||| 00| 0
007 ta
008 221004b |||||||| |||| 00| 0 eng d
024 _a113141
037 _cTextual
040 _aCRL
_cCRL
_beng
041 _2eng
_aeng
110 _aSession 1966-67
_9639684
245 0 _aSpecial Report
_b Committee of Public Account Section 1966
700 _aSession 1966-67
_9639685
942 _cTEXL
_2cc
999 _c1060550
_d1060550